Carregant...

Sindhbadinte sahasika yatrakal

Dades bibliogràfiques
Format: Printed Book
Idioma:Malayalam
Publicat: Pratheeksha books 2015
LEADER 00376nam a22001097a 4500
008 160831b xxu||||| |||| 00| 0 mal d
082 |a 910.4 
245 |a Sindhbadinte sahasika yatrakal 
260 |a Pratheeksha books  |c 2015 
942 |c BK 
999 |c 176843  |d 176843 
952 |0 0  |1 0  |4 0  |6 910_400000000000000  |7 0  |9 195966  |a ARA  |b ARA  |c ST1  |d 2017-04-27  |i 10915  |l 0  |o 910.4  |p ARA10915  |r 2017-04-27  |w 2017-04-27  |y BK